| Tag |
First Indicator |
Second Indicator |
Subfields |
| LEADER |
00000cam a22000008a 4500 |
| 001 |
in00000928721 |
| 005 |
20150925125511.0 |
| 008 |
900112s1990 nyu 00000 eng |
| 010 |
|
|
|a 90030722
|
| 020 |
|
|
|a 0810939509
|
| 035 |
|
|
|a (OCoLC)21042087
|
| 035 |
|
|
|9 AES2484AM
|
| 040 |
|
|
|a DLC
|c DLC
|d TXA
|d UtOrBLW
|
| 049 |
|
|
|a TXAM
|
| 050 |
0 |
0 |
|a TR650
|b .W65 1990
|
| 082 |
0 |
0 |
|a 779/.082
|2 20
|
| 245 |
0 |
0 |
|a Women photographers /
|c edited by Constance Sullivan ; essay by Eugenia Parry Janis.
|
| 264 |
|
1 |
|a New York :
|b Abrams,
|c 1990.
|
| 300 |
|
|
|a 263 pages :
|b illustrations
|
| 336 |
|
|
|a text
|b txt
|2 rdacontent
|
| 337 |
|
|
|a unmediated
|b n
|2 rdamedia
|
| 338 |
|
|
|a volume
|b nc
|2 rdacarrier
|
| 650 |
|
0 |
|a Photography, Artistic.
|
| 650 |
|
0 |
|a Women photographers.
|
| 700 |
1 |
|
|a Sullivan, Constance.
|
| 700 |
1 |
|
|a Parry, Eugenia.
|
| 999 |
|
|
|a MARS
|
| 999 |
f |
f |
|s 0bc898b3-e1e7-37eb-a043-5b75d51f17f6
|i a30256e3-f83e-350a-bf5b-358e18d6aad8
|t 0
|
| 952 |
f |
f |
|p ric
|a Texas A&M University
|b Rellis Campus
|c Joint Library Facility
|d Remote Storage
|t 0
|e TR650 .W65 1990
|h Library of Congress classification
|i unmediated -- volume
|m A14813482967
|
| 998 |
f |
f |
|a TR650 .W65 1990
|t 0
|l Remote Storage
|